المورد : (رقم التسجيلة. 30391)

تفاصيل مارك
000 -LEADER
fixed length control field 00569nam a22001937a 4500
005 - DATE AND TIME OF LATEST TRANSACTION
control field 20251108165537.0
008 - FIXED-LENGTH DATA ELEMENTS--GENERAL INFORMATION
fixed length control field 250721s1996 xx 000 0 ara d
082 14 - DEWEY DECIMAL CLASSIFICATION NUMBER
Classification number م/413.2/بعل
100 1# - MAIN ENTRY--PERSONAL NAME
Personal name البعلبكي، روحي
245 10 - TITLE STATEMENT
Title المورد :
Remainder of title قاموس عربي - إنجليزي /
250 ## - EDITION STATEMENT
Edition statement ط8
264 1# - PRODUCTION, PUBLICATION, DISTRIBUTION, MANUFACTURE, AND COPYRIGHT NOTICE
Place of production, publication, distribution, manufacture بيروت :
Name of producer, publisher, distributor, manufacturer دار العلم للملايين،
Date of production, publication, distribution, manufacture, or copyright notice 1996.
300 ## - PHYSICAL DESCRIPTION
Extent 1255ص
650 17 - SUBJECT ADDED ENTRY--TOPICAL TERM
Topical term or geographic name as entry element اللغة العربية
650 17 - SUBJECT ADDED ENTRY--TOPICAL TERM
Topical term or geographic name as entry element معاجم المفردات
650 17 - SUBJECT ADDED ENTRY--TOPICAL TERM
Topical term or geographic name as entry element القواميس
942 ## - ADDED ENTRY ELEMENTS (KOHA)
Source of classification or shelving scheme Dewey Decimal Classification
Koha item type مراجع
المقتنيات
حالة السحب حالة الفقدان مصدر التصنيف حالة التلف غير قابل للإعارة المكتبة الرئيسية المكتبة الحالية موقع الرف تاريخ التزويد الرقم المتسلسل Total Checkouts رقم الإستدعاء الباركود تاريخ آخر ظهور تاريخ الفاتورة نوع المادة (كوها)
    Dewey Decimal Classification   Not For Loan مكتبة الأميرة ايمان العامة مكتبة الأميرة ايمان العامة مراجع 06/07/2004 9543   م/413.2/بعل 9543 28/07/2025 06/07/2004 مراجع
    Dewey Decimal Classification   Not For Loan مكتبة الأميرة ايمان العامة مكتبة الأميرة ايمان العامة مراجع 06/07/2004 284948   م/413.2/بعل 284948 28/07/2025 06/07/2004 مراجع
    Dewey Decimal Classification   Not For Loan مكتبة الاميرة بديعة مكتبة الاميرة بديعة مراجع 25/06/2015 284985   م/413.2/بعل PLD00334015 28/07/2025 25/06/2015 مراجع
    Dewey Decimal Classification   Not For Loan مكتبة صويلح العامة مكتبة صويلح العامة مراجع 25/09/2019 12246   م/413.2/بعل PLD00469056 28/07/2025 25/09/2019 مراجع
Implemented & Customized by: BBB with SCIT (Smart Chains for Information Technology)

Powered by Koha